00254nam a22001097a 4500008004100000020001800041100001300059245002600072260002600098300000800124546001200132230524b |||||||| |||| 00| 0 eng d a9789390644254 aBare Act aThe Indian Penal Code aDelhibL&J Pub.c2023 a291 aEnglish